Historia de los argentinos /

Guardado en:
Autor Principal: Floria, Carlos Alberto
Otros Autores: García Belsunce, César A.
Formato: Libro
Publicado: Buenos Aires : Larousse
Materias:
Etiquetas: Agregar Etiqueta
Sin Etiquetas, Sea el primero en etiquetar este registro!
LEADER 01134nam a22002055a 4500
001 CEM.cems010070
005 20080219152439.0
008 130507b######################000#0#####d
003 CEMS
020 |a 9505389000 
082 0 4 |a Z982 
100 1 |a Floria, Carlos Alberto 
245 1 0 |a Historia de los argentinos /  |c Carlos Alberto Floria, César A. García Belsunce 
260 |a Buenos Aires :  |b Larousse 
300 |a 1601 p. 
505 0 |a La dominación hispánica -- La conquista -- La colonización -- El siglo de las luces -- El proceso revolucionario -- Los factores internacionales -- La revolución -- La expansión revolucionaria -- La nación independiente -- El estado en crisis -- Rosas y su época -- La Argentina constitucional -- La reconstrucción argentina -- De la Argentina épica a la Argentina moderna -- La Argentina moderna -- La Argentina de los partidos (1906-1928) -- La Argentina alterada -- La Argentina violenta -- La Argentina en un mundo cambiante 
653 |a Historia 
653 |a Historia argentina 
700 1 |a García Belsunce, César A. 
859 |a CEMS  |b BIB. CEMS - 11 de abril  |h Z982  |i F663-2  |p 20596.99  |t Ej.1